000 00493nam a22001817a 4500
020 _a9789393969835
082 _aM400 7
_bJOS/K
245 _aCyber adhunikatha:
_bsamvadam samskaram samlayanam/
_cby Jose K Manuel (ed.)
250 _a3rd.
260 _aKozhikode:
_bAtma Books,
_c2025.
300 _a307p.
650 _aEssays Malayalam Study
650 _aEssays Cyber Culture
650 _aLiterature Malayalam
650 _aLiterature
700 _aJose K Manuel (ed.)
942 _cBK
999 _c181730
_d181730